Statistics for My Little Pony in numbers

Click here to take the quiz!

General Stats

  • This quiz has been taken 105 times
  • The average score is 12 of 15

Answer Stats

HintAnswer% Correct
Times Rarity said "Worst possible thing" in Lesson Zero""3
99%
Applejack's siblings2
94%
Times Fluttershy yelled at the Grand Galloping Gala2
94%
Donkeys living in Ponyville2
94%
Cars that the train has in the opening6
94%
Foals at the 7 legged race6
94%
Number of total Cutie Mark Crusaders (including comics)5
93%
Ponies living at Sugarcube Corner5
93%
Activities at Twilight's slumber party5
93%
Pegasi in Wonderbolt Academy8
93%
Ponies in Pinkie Pie's group at Nightmare Night9
91%
Apple Bloom's total cutie marks at "The Cutie Pox"12
87%
Weight she lifted in that same episode1000
43%
Twilight's number at the unning of the Leaves42
36%
Wind wing power record held by Phillydelphia910
9%

Score Distribution

Percentile by Number Answered

Percent of People with Each Score

Your Score History

You have not taken this quiz